logo

Bir Sreshtho Munshi Abdur Rouf Library
Jhenaidah Cadet College

Steve Jobs : (Record no. 14203)

MARC details
000 -LEADER
fixed length control field 00645nam a2200229 a 4500
001 - CONTROL NUMBER
JCCL Control Number 14203
003 - CONTROL NUMBER IDENTIFIER
JCCL marc code BD-JhCC
005 - DATE AND TIME OF LATEST TRANSACTION
control field 20250212170649.0
008 - FIXED-LENGTH DATA ELEMENTS--GENERAL INFORMATION
fixed length control field 250209b2012 e a|||| ||a| 000 0 eng d
020 ## - INTERNATIONAL STANDARD BOOK NUMBER
International Standard Book Number 9781408832066
035 ## - SYSTEM CONTROL NUMBER
system control number (BD-JhCC)14203
040 ## - CATALOGING SOURCE
Original cataloging agency BD-JhCC
Modifying agency BD-JhCC
041 ## - LANGUAGE CODE
Language code of Book english
082 ## - DEWEY DECIMAL CLASSIFICATION NUMBER
Classification number 658.0092
Author mark and Year BLU 2012
100 ## - MAIN ENTRY--PERSONAL NAME
Personal name Blumenthal,Karen
245 ## - TITLE STATEMENT
Title Steve Jobs :
Remainder of title the man who thought different : a biography /
Statement of responsibility, etc Karen Blumenthal.
260 ## - PUBLICATION, DISTRIBUTION, ETC. (IMPRINT)
Place of publication, distribution, etc London:
Name of publisher, distributor, etc Bloomsbury;
Date of publication, distribution, etc 2012.
300 ## - PHYSICAL DESCRIPTION
Pagination 310 p .
Dimensions 21 cm.
650 ## - SUBJECT ADDED ENTRY--TOPICAL TERM
Topical term or geographic name as entry element Biography of business executives and managers
942 ## - ADDED ENTRY ELEMENTS (KOHA)
Source of classification or shelving scheme Dewey Decimal Classification
Koha item type Books
Holdings
Source of classification or shelving scheme Damaged status Not for loan Home library Current library Shelving location Date of accession Source of acquisition Cost, normal purchase price Total Checkouts Full call number Barcode Checked out Date last seen Date checked out Copy number Method of acquisition Koha item type Currency
Dewey Decimal Classification     JCC Rouf Library JCC Rouf Library General Stacks   With the compliments of Maj (Retd) Syed Sakhawat Hussain,07/0388/K 100.00 2 658.0092 BLU 2012 19901 02/15/2026 01/21/2026 01/21/2026 C-1 Gift/Donation Books BDT
Dewey Decimal Classification     JCC Rouf Library JCC Rouf Library General Stacks   With the compliments of Maj (Retd) Syed Sakhawat Hussain,07/0388/K 100.00 1 658.0092 BLU 2012 19902 11/27/2025 11/03/2025 11/03/2025 C-2 Gift/Donation Books BDT

JCC Library | Contacts | JCC Home

Last Update on 23 September 2017
Copyright @ 2017-2020 JCC Rouf Library
Rouf Library, Jhenidah Cadet College (JCC), Bangladesh